Quizzes
Events
Quiz Creation
Community
Videos
Private Events
Remove Ads
Sign In
Join for FREE
Feedback
Dark Mode
Quiz Categories
Sports
Geography
Music
Movies
Television
Just For Fun
Miscellaneous
History
Literature
Language
Science
Gaming
Entertainment
Religion
Holiday
For Kids
Quiz Lab
Recent
Popular Today
Quiz Kudos Today
Editor Picks
Curator Picks
Quizzes by...
Day
Popularity
Type
Ratings
Length
Year
Community
Subscriptions
Recent Discussions
Orange Saloon
Badges
Playlists
Quests
Create
Leaderboards
Showdown
Live 5
Trivia Bingo
Activity
Puzzle Library
Sporcle Events
Private Events
Virtual Trivia
Globe League
Become a Host
Pub Owners
SporcleCon
Opinionation
Our Games
Videos
Blog
Mobile Apps
Partnerships
Remove Ads and Go Orange
Feedback
Television
TV Characters
TV Show
Sitcom
Network
Friends
Reality Shows
Cast
South Park
Star Trek
The Simpsons
Doctor Who
Television
TV Characters
TV Show
Sitcom
Network
Friends
Reality Shows
Cast
South Park
Star Trek
The Simpsons
Doctor Who
Random Quiz
Search Sporcle
×
Quiz Lab
Quiz Lab
Television
description
Type in answers that appear in a list
Type in answers that appear in a list
Classic
Best Score? Go Orange.
Characters of Avatar: The Last Airbender Stats
Can you name the Characters of Avatar: The Last Airbender?
By
awhitemothflew
15m
90 Questions
2,654 Plays
2,654 Plays
2,654 Plays
Comments
Comments
Give Quiz Kudos
Give Quiz Kudos
-
- Ratings
hide this ad
Replay
Link that replays current quiz
Next Quiz
Link to next quiz in quiz playlist
You Got
0%
They Got
Avg Score
56%
Avg Friend Score
Upgrade to see
Score Distribution
Jump to the score distribution portion of the page
Score
0/90
Timer
15:00
0
Plays Today
Description
Name
% Correct
the last airbender
Aang
99.1%
the last waterbender of the Southern Tribe
Katara
98.5%
'boomerang guy'
Sokka
97.9%
the banished Prince of the Fire Nation
Zuko
97.6%
flying lemurrabbit
Momo
97.2%
the blind bandit
Toph
97%
the avatar's bison
Appa
96.7%
the Princess of the Fire Nation
Azula
95.7%
the Dragon of the West
Iroh
94.3%
the 'Phoenix King'
Ozai
91.7%
the king of Omashu
Bumi
91.3%
a rich only child for fifteen years
Mai
91.2%
circus freak
Ty Lee
88.8%
the most recent Fire Avatar
Roku
87.7%
The leader of the Freedom Fighters
Jet
82.3%
the most recent Earth Avatar
Kyoshi
82%
the leader of the Kyoshi Warriors
Suki
81.6%
ran away from the northern tribe to escape an arranged marriage
Gran Gran
80.2%
HIS CABBAGES!!
cabbage merchant
79.9%
Toph Bei Fong's earthbending teacher
Master Yu
79.5%
Princess of the Northern Water Tribe
Yue
79.3%
Creepy Old Fire Nation Twins
Lo and Li
75.8%
Beaten by a little girl at Earth Rumble VI
The Boulder
71.3%
He tried to kill the Moon.
Zhao
70.6%
Zuko's Earth Nation cover name
Li Jr.
70.3%
Freedom Fighter who is, believe it or not, a girl
Smellerbee
69.9%
Freedom Fighter who doesn't talk much
Longshot
68.5%
the most recent Water Avatar
Kuruk
68.4%
he started the century-
long war
Sozin
68.3%
the Face-
Stealer
Koh
67.8%
Description
Name
% Correct
Aang's guardian
Gyatso
67.8%
the king of Omashu's pet goat-
gorilla
Flopsy
66.7%
Freedom Fighter who _
is_
tiny
The Duke
66%
Katara got him arrested, and then he grew a moustache
Haru
66%
... and his beloved pet bear
Bosco
65%
the Chief of the Southern Water Tribe...
Hakoda
64.5%
Freedom Fighter who is not as tiny as his name implies
Pipsqueak
64.3%
Shoots fire from his third eye, has a metal hand and foot.
Combustion Man
63.4%
Head of the Dai Li, the Earth King's regent
Long Feng
62.5%
She will be your host as long as you are in Ba Sing Se.
Joo Dee
62.3%
sacrificed herself to save the last Southern waterbender
Kya
62.1%
the first man to successfully desert the Fire Nation Army
Jeong Jeong
61.1%
oldest living Southern waterbender
Hama
60.1%
the previous Air Avatar
Yangchen
58.6%
... and his best buddy
Bato
58.6%
the granddaughter of the most recent Fire Avatar
Ursa
58.5%
Who is buried in the Cave of Two Lovers?
Oma and Shu
57.4%
Zuko & Azula's grandfather.
Firelord Azulon
57.1%
Bounty Hunter Chick
Jun
56.4%
The Ocean Spirit
La
55.4%
the greatest swordmaster in Fire Nation History
Piandao
55%
Sokka's bird
Hawky
53.4%
Iroh's son
Lu Ten
52.5%
Aang's Fire Nation Alter-
ego
Kuzon
51.7%
Huge bender defeated by the Boulder at Earth Rumble VI
The Big Bad Hippo
51.5%
spiritual brother of the Air Nomads; personal friend of Aang's Guardian
Guru Pathik
50.4%
The Moon Spirit
Tui
49.5%
a ruthless tyrant who pushed Avatar Kyoshi to create Kyoshi Island
Chin the Conqueror
47.6%
He who knows ten thousand things.
Wan Shi Tong
44.9%
the waterbending master of the Foggy Swamp Tribe (he's not really a swamp monster)
Huu
43.9%
Description
Name
% Correct
Mai's little brother
Tom-Tom
41.7%
Sokka's Fire Nation Alter-
ego
Wang Fire
41.3%
Iroh's Earth Nation cover name
Mushi
40.6%
The Earth King himself...
Kuei
39.3%
Host of Earth Rumble VI
Xin Fu
38.3%
Psychic, flirts with Iroh.
Aunt Wu
37.3%
Thought his eyebrows would never grow back.
The Mechanist
35.3%
Has a total crush on Aang
Meng
33.9%
Chief of the Northern Water Tribe
Arnook
33.8%
the 'crazy' 'brother' of Bushi and Xu
Doc
33.4%
He has the spirit of an airbender.
Teo
32.7%
Sokka's friend, the baby sabretooth mooselion cub.
Foofoocuddlypoops
31.2%
Hippy-
dippy nomad dude
Chong
29.6%
Female prison guard who shows kindness to Iroh
Ming
28.8%
Kiyoshi Island native who gets a little overexcited about Aang
Foamy
28.7%
'Please to rise for Fire Nation National Anthem.' (Earth Rumble VI)
Fire Nation Man
28.3%
'Dunno, _
_
_
. Somethin' with six legs. Pretty big'uns too.'
Due
26.6%
founder of the Gan Jin tribe
Jin Wei
25.4%
founder of the Zhang tribe
Wei Jin
25.1%
'What d'ye reckon'd make a track like that, _
_
_
?'
Tho
23.8%
Hippy-
dippy nomad chick
Lily
22%
a healing teacher of the Northern Water Tribe
Yugoda
19.9%
head of the Anthropology Department at Ba Sing Se University.
Professor Zei
19.4%
Kya's murderer.
Yon Rha
19%
another Hippy-
dippy nomad (he plays a drum)
Moku
18.7%
survived encounter with a 'moon monster'
Old Man Ding
17.5%
Avatar Kuruk's bride-
to-
be, dragged into the Spirit World
Ummi
17.2%
leader of Kyoshi Island
Oyaji
10.3%
Warden of the prison where Iroh is kept
Warden Poon
9.5%
Mayor of Chin Village
Tong
9.2%
Quiz Playlist
Details
Report
Send in Message
Add To Playlist
Classic:
Type in answers that appear in a list
Last Updated: Jun 5, 2017
Quiz Scoreboard
CHALLENGE
Sign Up to Join the Scoreboard
Show All
Scores
Hide
Comments
May contain spoilers
Recently Published
NBA Finals Game Top Scorers (2010s)
by flibbidy
Sports
5m
Guess the 'R' Things in 3 Words
by MSUKent
Miscellaneous
3m
Actor to Badly Drawn Movie III
by MoMosMoProblems
Movies
5m
More to Explore
Quiz From the Vault
Featured Blog Post
Where Does Lost Luggage Go?
hide this ad
You Might Also Like...
Tags
Avatar
Avatar: The Last Airbender
Character
description
last
Today's Top Quizzes in Television
Browse Television
hide this ad
Today's Top Quizzes in description
Browse description
Top Contributed Quizzes in Television
1
Hidden Simpsons Character
2
First Name TV: Leading Men
3
Hidden Simpsons Character II
4
Hidden Simpsons Character III
5
First Name TV: Leading Women Drama
6
Hidden Simpsons Character IV
7
Hidden Simpsons Character V
8
Hidden Simpsons Character VI
9
Hidden Simpsons Character VII
10
Hidden Simpsons Character VIII
Explore More
Trending Topics
NBA
Anime
Crossword
Disney
Harry Potter
Marvel
Kpop
Country
The Office
Soccer
NFL
Pokémon
WWE
Puzzle
Song
hide this ad
More By:
awhitemothflew
Quiz
Plays
Rating
Category
Featured
Created
Characters of Avatar: The Last Airbender
2,654
4.88
Television
Apr 20, 2010
Go to Creator's Profile
Score Distribution
Quiz Creator Spotlight
awhitemothflew
Follow
Send a Message
Quizzes Created
-
Created Quiz Play Count
-
More By This Creator
Popular Quizzes Today
1
Find the US States - No Outlines Minefield
2
Find the US States
3
The Countries of the World
4
10 Largest US States in Order
5
Find the Countries of Europe - No Outlines Minefield
6
US States
7
Guess the 'R' Things in 3 Words
8
NBA Finals Game Top Scorers (2010s)
More Television Quizzes
House of Cards Cast Photo
Published
Trending Quizzes
First Name TV: Leading Men
Match the Book to the Film II
3-Word Movies in 1 Word II
First Name TV: Leading Women Drama
Match the Book to the Film VI
Recently Updated
Women's Final Four Teams by Year
bhenderson79
Presidents Quartet II
eogle
Anything But Clue(do)
eogle
Anything But Oceanian Capitals
eogle
Anything But 7
eogle
Anything But Thing
eogle
Word Ladder: February 29
pecheneg
Song Title Questions
pecheneg
Women's NCAA Tournament #1 Seeds
pecheneg
Celebrity Mug Shots
pecheneg
Trending Topics
Crossword
Marvel
NBA
Kpop
Disney
Harry Potter
Anime
Soccer
Country
NFL
WWE
Song
Pokémon
Puzzle
The Office
Your Account Isn't Verified!
In order to create a playlist on Sporcle, you need to verify the email address you used during registration. Go to your
Sporcle Settings
to finish the process.
Report this User
Report this user for behavior that violates our
Community Guidelines
.
Details:
Send Report
Go to the Sporcle.com Mobile Site →
Comments